Water rate structure for a city of one million people - A case study for Suevala (Record no. 102231)

000 -LEADER
fixed length control field 00400pab a2200157 454500
008 - FIXED-LENGTH DATA ELEMENTS--GENERAL INFORMATION
fixed length control field 180718b1978 xxu||||| |||| 00| 0 eng d
100 ## - MAIN ENTRY--PERSONAL NAME
Personal name Saha, P.K.
245 ## - TITLE STATEMENT
Title Water rate structure for a city of one million people - A case study for Suevala
260 ## - PUBLICATION, DISTRIBUTION, ETC.
Date of publication, distribution, etc. 1978
300 ## - PHYSICAL DESCRIPTION
Extent p.115-123.
362 ## - DATES OF PUBLICATION AND/OR SEQUENTIAL DESIGNATION
Dates of publication and/or sequential designation Jul-Sep
650 ## - SUBJECT ADDED ENTRY--TOPICAL TERM
Topical term or geographic name entry element Water supply
773 ## - HOST ITEM ENTRY
Main entry heading Nagarlok
908 ## - PUT COMMAND PARAMETER (RLIN)
Put command parameter N
909 ## -
-- 102233
Holdings
Withdrawn status Lost status Damaged status Not for loan Permanent Location Current Location Date acquired Serial Enumeration / chronology Barcode Date last seen Price effective from Koha item type
        Indian Institute of Public Administration Indian Institute of Public Administration 2018-07-19 Volume no: 10, Issue no: 3 AR102693 2018-07-19 2018-07-19 Articles

Powered by Koha